Open Data Biblioteca Nacional de Portugal


República Portuguesa: Ministério da Cultura
Biblioteca Nacional de Portugal

Catálogo da BNP: acesso por Identificadores Unívocos
Registos Bibliográficos associados ao registo de autoridade

Etiqueta de registo: 00000nkm 2200025 450
001 2266065
003 http://id.bnportugal.gov.pt/bib/catbnp/2266065
100 ## $a20260212d1989 m y0pory01030103ba
101 0# $apor
102 ## $aPT
200 1# $aVI feira de artesanato e gastronomia, Castelo de Vide, 15 a 21 julho 1989$bVisual gráfico]$fRegião de Turismo de São Mamede$g[design] Manus Artis - Leite Rio
210 #9 $aSão Mamede$cRegião de Turismo de São Mamede,$d1989$ePortalegre :$gIngrapol )
215 ## $a1 cartaz$ccolor.$d61x43,4cm
317 ## $aColeção Madeira Luís
675 ## $a766(=1:469)"198"(084.5)$vBN$zpor$31802165
702 #1 $aRio,$bLuís Leite$4410$3107831
710 01 $aPortugal.$bRegião de Turismo de São Mamede$315248
711 12 $aFeira de Artesanato e Gastronomia,$d6,$eCastelo de Vide,$f1989$31999711
712 02 $aManus Artis$4410$359247
801 #0 $aPT$bBN$gRPC
966 ## $lBN$mICONOG$sCT. 20875 A.$x3
971 ## $cCaticonografia1$d20260212
972 ## $d20260529$e2$vtoliveira$z0
995 ## $aPRR2026 $d20260212$iCaticonografia1

OpendataBNP@bnportugal.pt | Mais informação sobre acesso aos dados BNP